000 003570000a22001450004500
020 _a958-97602-2-8
082 0 4 _aB D11b
100 1 _aDa Coll, Ivar
245 1 0 _aChigüiro y el baño / Ivar Da Coll
260 _aBogotá : Babel Libros
300 _a32 Pag. / 20 cm.
650 1 4 _aCUENTOS \ LITERATURA INFANTIL COLOMBIANA
001 1277
942 _cLGB
999 _c48448
_d48448